BIBLIOTECA PODER JUDICIAL
Portal Judicial TDF

Relaciones entre autoría y participación / (Registro nro. 1919)

000 -LEADER
fixed length control field 00757nam a22001937a 4500
003 - CONTROL NUMBER IDENTIFIER
control field OSt
005 - DATE AND TIME OF LATEST TRANSACTION
control field 20181130090528.0
008 - FIXED-LENGTH DATA ELEMENTS--GENERAL INFORMATION
fixed length control field 180320b xxu||||| |||| 00| 0 spa d
040 ## - CATALOGING SOURCE
Transcribing agency PJ
100 ## - ASIENTO PRINCIPAL - NOMBRE DE PERSONA
9 (RLIN) 2998
Personal name Bockelmann, Paul
245 10 - MENCIÓN DE TÍTULO
Título propiamente dicho Relaciones entre autoría y participación /
Mención de responsabilidad, etc Paul Bockelmann.
260 ## - PUBLICATION, DISTRIBUTION, ETC. (IMPRINT)
Place of publication, distribution, etc Buenos Aires :
Name of publisher, distributor, etc Abeledo-Perrot,
Date of publication, distribution, etc 1960.
300 ## - DESCRIPCION FISICA
Extent 87 p.
Dimensions 20 cm.
505 ## - FORMATTED CONTENTS NOTE
Formatted contents note Contenido:<br/>Planteo del problema -- La relación de la participación con el dolo y la coincidencia de lo injusto del autor principal -- La participación en hechos principales dolosos pero disculpados.<br/>
650 #0 - ASIENTO SECUNDARIO DE MATERIA - TERMINO TEMATICO
9 (RLIN) 343
Topical term or geographic name as entry element DERECHO PENAL
650 #0 - ASIENTO SECUNDARIO DE MATERIA - TERMINO TEMATICO
9 (RLIN) 2753
Topical term or geographic name as entry element PARTICIPACIÓN CRIMINAL
650 #0 - ASIENTO SECUNDARIO DE MATERIA - TERMINO TEMATICO
9 (RLIN) 2999
Topical term or geographic name as entry element AUTORÍA
942 ## - ADDED ENTRY ELEMENTS (KOHA)
Source of classification or shelving scheme
Koha item type Libros
Classification part 343.237
Item part BOC
Existencias
Withdrawn status Lost status Source of classification or shelving scheme Damaged status Not for loan Permanent Location Current Location Date acquired Full call number Barcode Date last seen Price effective from Koha item type
          Biblioteca Poder Judicial Sur Biblioteca Poder Judicial Sur 2018-11-12 343.237 BOC 0116 2018-11-12 2018-11-12 Libros

12 de Octubre 789 Ushuaia - Tel:  54(02901)441571
Horario de Atención: 8.00 a 17.00 hs. 
bibliotecaush@justierradelfuego.gov.ar
koha@justierradelfuego.gov.ar
Seguinos en nuestras redes @bibliojustdf 

Con tecnología Koha